| 000 | 00460pab a2200157 454500 | ||
|---|---|---|---|
| 008 | 180718b2003 xxu||||| |||| 00| 0 eng d | ||
| 100 | _aAlam, Mohammed Badrul | ||
| 245 | _aIn pursuit of identity: a study of Orissa state politics | ||
| 260 | _c2003 | ||
| 300 | _ap.45-67. | ||
| 650 | _aIdentity - India - Orissa | ||
| 650 | _aOrissa - Politics and government | ||
| 650 | _aPolitics and government | ||
| 773 | _aPunjab Journal of Politics | ||
| 909 | _a59621 | ||
| 999 |
_c59621 _d59621 |
||